000 01267nam1a22003731 4500
001 RU\NLR\A1SV\95334
005 20251121120036.0
035 _a(NLR Aleph) 009776687
090 _a10078125
_c10078125
100 _a20090527g19261933u y0rusy50 ca
101 0 _arus
102 _aRU
200 1 _aПрактическое руководство по дезинфекции
_fЯ.Л.Окуневский
_gС предисл. зам. нар. ком. здрав. и начальника Воен.-сан. упр. РККА, проф. З.П.Соловьева
210 _aМ.
_cИзд-во Наркомздрава
_d1926-1933
215 _d22 см
300 _aНапеч. в Ленинграде
620 _dМосква
620 _dСанкт-Петербург
700 1 _aОкуневский
_bЯ. Л.
_f1877-1940
_gЯков Леонтьевич
801 0 _aRU
_bNLR
_c20090527
852 _aNLR
_j24/18-1-2
852 _aNLR
_j32-17/758-2
899 _aРКП
899 _aДГПБ
_z(Ч.1-2)
899 _aКУНБ
_z(Ч.3, вып.1, 2)
899 _aРГБ
899 _aМГУ
899 _aКирОУНБ
_z(Ч.1)
899 _aНГОУНБ
_z(Ч.1)
899 _aNDLT
_z(Ч.1)
942 _cBOOK
980 _aA1SV
980 _aNB